Airplane families by picture - Statistics

General Stats
  • This quiz has been taken 139 times
    114 since last reset
  • The average score is 12 of 16
Answer Stats
Picture Answer % Correct
Airbus A320 family
98%
Boeing 747 family
97%
Airbus A340 family
96%
Airbus A330 family
95%
Boeing 737 family
95%
Airbus A350 family
92%
Boeing 777 family
89%
Boeing 767 family
86%
Boeing 787 family
85%
Boeing 757 family
78%
Bombardier CRJ family
66%
Bombardier Dash 8 family
61%
Embraer E-Jet series
61%
ATR 42/72 family
47%
DC-8 family
33%
Embraer ERJ family
23%
No matching quizzes found
Score Distribution
Percent of People with Each Score
Percentile by Number Answered
Your Score History
You have not taken this quiz since the last reset